[Event "7th Iberoamerican-ch 2019"]
[Site "Linares"]
[Date "2019.08.13"]
[Round "4.23"]
[White "Esquivias Quintero, Luis Manuel"]
[Black "Gines Esteo, Pedro Antonio"]
[Result "0-1"]
[WhiteElo "2275"]
[BlackElo "2404"]
[Annotator "NA"]
[PlyCount "82"]
[EventDate "2019.08.10"]
[EventType "swiss"]
[EventCountry "ESP"]
[SourceTitle "playchess.com"]
[Source "ChessBase"]
[SourceQuality "1"]
[TimeControl "5400+30"]

1. e4 {[%emt 0:00:00]} c6 {[%emt 0:02:50]} 2. d4 {[%emt 0:00:00]} d5 {[%emt 0:00:02]} 3. e5 {[%emt 0:00:14]} Bf5 {[%emt 0:00:06]} 4. h4 {[%emt 0:00:19]} h5 {[%emt 0:07:56]} 5. c4 {[%emt 0:00:56]} e6 {[%emt 0:00:17]} 6. Nc3 {[%emt 0:00:17]} Nd7 {[%emt 0:02:07]} 7. cxd5 {[%emt 0:00:52]} cxd5 {[%emt 0:00:10]} 8. Bd3 {[%emt 0:00:59]} Bxd3 {[%emt 0:03:27]} 9. Qxd3 {[%emt 0:01:13]} Nh6 {[%emt 0:02:10]} 10. Bg5 {[%emt 0:09:50]} Be7 {[%emt 0:05:14]} 11. Nb5 {[%emt 0:06:51]} f6 {[%emt 0:17:37]} 12. exf6 {[%emt 0:08:35]} gxf6 {[%emt 0:01:52]} 13. Qg6+ {[%emt 0:12:05]} Nf7 {[%emt 0:00:11]} 14. Bf4 {[%emt 0:01:07]} e5 {[%emt 0:12:04]} 15. Be3 {[%emt 0:04:33]} Qa5+ {[%emt 0:19:29]} 16. Nc3 {[%emt 0:00:07]} Nf8 {[%emt 0:00:19]} 17. Qf5 {[%emt 0:04:07]} Nd6 {[%emt 0:02:09]} 18. Qh3 {[%emt 0:01:47]} b5 {[%emt 0:06:40]} 19. Nge2 {[%emt 0:03:35]} b4 {[%emt 0:00:05]} 20. Nd1 {[%emt 0:01:42]} Qa6 {[%emt 0:01:48]} 21. Rc1 {[%emt 0:06:22]} Rd8 {[%emt 0:03:10]} 22. Qf3 {[%emt 0:15:57]} Ne4 {[%emt 0:04:34]} 23. O-O {[%emt 0:04:38]} Ng6 24. Re1 {[%emt 0:03:36]} Qe6 {[%emt 0:03:42]} 25. g3 {[%emt 0:00:23]} Qh3 {[%emt 0:01:09]} 26. Qg2 {[%emt 0:03:29]} Qf5 {[%emt 0:00:04]} 27. Kh2 {[%emt 0:02:02]} Kf7 {[%emt 0:01:42]} 28. b3 {[%emt 0:00:46]} Rc8 {[%emt 0:01:15]} 29. Nb2 {[%emt 0:00:06]} Bd6 {[%emt 0:01:11]} 30. Qh3 {[%emt 0:00:58]} Ne7 {[%emt 0:00:43]} 31. Qg2 {[%emt 0:05:17]} Rhg8 {[%emt 0:00:22]} 32. Rxc8 {[%emt 0:00:57]} Rxc8 {[%emt 0:00:01]} 33. Rc1 {[%emt 0:00:28]} Nc3 {[%emt 0:01:26]} 34. Nxc3 {[%emt 0:00:32]} bxc3 {[%emt 0:00:01]} 35. Na4 {[%emt 0:00:14]} c2 {[%emt 0:00:36]} 36. dxe5 {[%emt 0:02:02]} fxe5 {[%emt 0:00:34]} 37. Qf1 {[%emt 0:00:39]} Ba3 {[%emt 0:00:45]} 38. Re1 {[%emt 0:00:03]} Bb4 {[%emt 0:00:27]} 39. Rc1 {[%emt 0:01:17]} d4 {[%emt 0:00:08]} 40. Bg5 {[%emt 0:00:09]} d3 {[%emt 0:00:16]} 41. Bxe7 {[%emt 0:00:13]} Kxe7 {[%emt 0:00:23]} 0-1

[Event "7th Iberoamerican-ch 2019"]
[Site "Linares"]
[Date "2019.08.13"]
[Round "4.24"]
[White "Forgas Moreno, Yaniela"]
[Black "Merario Alarcon, Andres"]
[Result "1/2-1/2"]
[WhiteElo "2272"]
[BlackElo "2400"]
[Annotator "NA"]
[PlyCount "148"]
[EventDate "2019.08.10"]
[EventType "swiss"]
[EventCountry "ESP"]
[SourceTitle "playchess.com"]
[Source "ChessBase"]
[SourceQuality "1"]
[TimeControl "5400+30"]

1. e4 {[%emt 0:00:00]} c5 {[%emt 0:00:00]} 2. Nf3 {[%emt 0:00:00]} d6 {[%emt 0:00:37]} 3. d4 {[%emt 0:00:03]} cxd4 {[%emt 0:00:09]} 4. Nxd4 {[%emt 0:00:04]} Nf6 {[%emt 0:00:23]} 5. Nc3 {[%emt 0:00:06]} a6 {[%emt 0:00:47]} 6. Be2 {[%emt 0:00:15]} e5 {[%emt 0:01:04]} 7. Nb3 {[%emt 0:00:08]} Be7 {[%emt 0:00:52]} 8. O-O {[%emt 0:00:11]} O-O {[%emt 0:01:11]} 9. Kh1 {[%emt 0:00:08]} b6 {[%emt 0:01:36]} 10. Be3 {[%emt 0:00:31]} Bb7 {[%emt 0:00:29]} 11. f3 {[%emt 0:00:11]} b5 {[%emt 0:00:16]} 12. a4 {[%emt 0:01:21]} b4 {[%emt 0:00:09]} 13. Nd5 {[%emt 0:00:04]} Nxd5 {[%emt 0:00:06]} 14. exd5 {[%emt 0:00:04]} Nd7 {[%emt 0:01:14]} 15. a5 {[%emt 0:00:50]} Rc8 {[%emt 0:12:48]} 16. Bd3 {[%emt 0:02:04]} Nf6 {[%emt 0:08:18]} 17. Be4 {[%emt 0:00:45]} Nxe4 {[%emt 0:05:23]} 18. fxe4 {[%emt 0:00:06]} Qc7 {[%emt 0:00:30]} 19. Rc1 {[%emt 0:06:47]} f5 {[%emt 0:02:01]} 20. Bb6 {[%emt 0:05:03]} Qd7 {[%emt 0:04:28]} 21. exf5 {[%emt 0:27:31]} Qb5 {[%emt 0:01:29]} 22. c4 {[%emt 0:07:17]} bxc3 {[%emt 0:13:50]} 23. bxc3 {[%emt 0:01:36]} Qxd5 {[%emt 0:00:21]} 24. Qxd5+ {[%emt 0:00:07]} Bxd5 {[%emt 0:00:02]} 25. Nd2 {[%emt 0:00:11]} Bg5 {[%emt 0:03:01]} 26. Rcd1 {[%emt 0:00:32]} Bb7 {[%emt 0:15:56]} 27. Nf3 {[%emt 0:04:32]} Bf4 {[%emt 0:07:35]} 28. Ne1 {[%emt 0:13:54]} Rxf5 {[%emt 0:04:39]} 29. Rxd6 {[%emt 0:00:37]} Rh5 {[%emt 0:00:52]} 30. Bg1 {[%emt 0:01:32]} Rh6 {[%emt 0:03:46]} 31. Rxh6 {[%emt 0:01:02]} Bxh6 {[%emt 0:00:28]} 32. Nd3 {[%emt 0:00:44]} Rxc3 {[%emt 0:01:42]} 33. Nxe5 {[%emt 0:01:35]} Rc2 {[%emt 0:00:51]} 34. Rf2 {[%emt 0:00:24]} Rc1 {[%emt 0:00:43]} 35. Nd7 {[%emt 0:01:10]} g6 {[%emt 0:01:58]} 36. Nf6+ {[%emt 0:02:24]} Kg7 {[%emt 0:00:52]} 37. Ng4 {[%emt 0:03:14]} Bg5 {[%emt 0:00:15]} 38. Re2 {[%emt 0:00:28]} h5 {[%emt 0:00:48]} 39. Ne5 {[%emt 0:00:37]} Ra1 {[%emt 0:01:31]} 40. Nc4 {[%emt 0:02:52]} Bf6 {[%emt 0:00:34]} 41. Rd2 {[%emt 0:00:23]} Bc6 {[%emt 0:00:59]} 42. Rd6 {[%emt 0:04:18]} Bb5 {[%emt 0:01:11]} 43. Ne3 {[%emt 0:01:29]} Rxa5 {[%emt 0:00:11]} 44. Nd5 {[%emt 0:00:11]} Bb2 {[%emt 0:01:27]} 45. Nc7 {[%emt 0:02:05]} Bc4 {[%emt 0:01:15]} 46. Rc6 {[%emt 0:01:25]} Bd3 {[%emt 0:00:47]} 47. Rd6 {[%emt 0:00:24]} Ra3 {[%emt 0:00:46]} 48. Ne6+ {[%emt 0:00:58]} Kf7 {[%emt 0:00:29]} 49. h4 {[%emt 0:00:35]} Ke7 {[%emt 0:00:26]} 50. Rb6 {[%emt 0:00:22]} Ra2 {[%emt 0:01:33]} 51. Bc5+ {[%emt 0:00:47]} Ke8 {[%emt 0:00:32]} 52. Nf4 {[%emt 0:00:30]} Bf5 {[%emt 0:00:30]} 53. Nxg6 {[%emt 0:00:44]} a5 {[%emt 0:01:38]} 54. Kh2 {[%emt 0:01:16]} a4 {[%emt 0:00:19]} 55. Kg3 {[%emt 0:00:44]} a3 {[%emt 0:01:00]} 56. Kf4 {[%emt 0:00:14]} Bxg6 {[%emt 0:00:35]} 57. Rxg6 {[%emt 0:00:04]} Ra1 {[%emt 0:00:09]} 58. Ra6 {[%emt 0:04:17]} a2 {[%emt 0:01:03]} 59. Kg5 {[%emt 0:00:22]} Kd7 {[%emt 0:00:33]} 60. Be3 {[%emt 0:01:13]} Bc3 {[%emt 0:00:31]} 61. Bf4 {[%emt 0:00:24]} Ke8 62. g3 {[%emt 0:00:14]} Kf7 {[%emt 0:00:58]} 63. Kxh5 {[%emt 0:00:28]} Bf6 {[%emt 0:00:01]} 64. Ra7+ {[%emt 0:00:18]} Ke6 {[%emt 0:00:10]} 65. Kg6 {[%emt 0:00:11]} Bxh4 {[%emt 0:00:16]} 66. Ra6+ {[%emt 0:03:50]} Kd5 {[%emt 0:01:05]} 67. Ra5+ {[%emt 0:00:52]} Ke4 {[%emt 0:00:33]} 68. Ra4+ {[%emt 0:02:34]} Kd5 {[%emt 0:00:48]} 69. Ra5+ {[%emt 0:00:29]} Ke4 {[%emt 0:00:11]} 70. Ra4+ {[%emt 0:00:25]} Kd5 {[%emt 0:00:40]} 71. Ra5+ {[%emt 0:00:05]} Kc6 {[%emt 0:00:47]} 72. Be5 {[%emt 0:00:21]} Rg1 {[%emt 0:00:12]} 73. Rxa2 {[%emt 0:00:11]} Bxg3 {[%emt 0:00:09]} 74. Bxg3 {[%emt 0:00:06]} Rxg3+ {[%emt 0:00:07]} 1/2-1/2

[Event "7th Iberoamerican-ch 2019"]
[Site "Linares"]
[Date "2019.08.13"]
[Round "4.25"]
[White "Teran Alvarez, Ismael"]
[Black "Almagro Mazariegos, Sebastian"]
[Result "1/2-1/2"]
[WhiteElo "2392"]
[BlackElo "2268"]
[Annotator "NA"]
[PlyCount "75"]
[EventDate "2019.08.10"]
[EventType "swiss"]
[EventCountry "ESP"]
[SourceTitle "playchess.com"]
[Source "ChessBase"]
[SourceQuality "1"]
[TimeControl "5400+30"]

1. e4 {[%emt 0:00:00]} c5 {[%emt 0:00:00]} 2. Nf3 {[%emt 0:00:00]} d6 {[%emt 0:00:00]} 3. d4 {[%emt 0:00:16]} cxd4 {[%emt 0:00:00]} 4. Qxd4 {[%emt 0:00:20]} a6 {[%emt 0:00:55]} 5. h3 {[%emt 0:01:35]} Nc6 {[%emt 0:01:32]} 6. Qe3 {[%emt 0:00:11]} Nf6 {[%emt 0:01:33]} 7. c4 {[%emt 0:02:16]} e6 {[%emt 0:01:28]} 8. Be2 {[%emt 0:00:52]} Be7 {[%emt 0:01:20]} 9. O-O {[%emt 0:00:16]} O-O {[%emt 0:01:08]} 10. Rd1 {[%emt 0:02:31]} Qc7 {[%emt 0:00:40]} 11. Nc3 {[%emt 0:00:54]} b6 {[%emt 0:07:02]} 12. b3 {[%emt 0:08:20]} Bb7 {[%emt 0:01:37]} 13. Bb2 {[%emt 0:00:15]} Rfd8 {[%emt 0:12:06]} 14. Rac1 {[%emt 0:01:01]} Ne5 {[%emt 0:00:45]} 15. Nd4 {[%emt 0:14:34]} Ned7 {[%emt 0:06:11]} 16. Nd5 {[%emt 0:20:10]} exd5 {[%emt 0:01:08]} 17. cxd5 {[%emt 0:00:04]} Qb8 {[%emt 0:05:33]} 18. Nc6 {[%emt 0:00:57]} Bxc6 {[%emt 0:00:04]} 19. dxc6 {[%emt 0:00:08]} Nc5 {[%emt 0:01:54]} 20. b4 {[%emt 0:06:28]} Ne6 {[%emt 0:01:18]} 21. e5 {[%emt 0:11:34]} Ne8 {[%emt 0:02:12]} 22. f4 {[%emt 0:05:04]} dxe5 {[%emt 0:15:57]} 23. Bxe5 {[%emt 0:00:35]} Bd6 {[%emt 0:03:06]} 24. Rxd6 {[%emt 0:07:07]} Rxd6 {[%emt 0:06:12]} 25. f5 {[%emt 0:01:59]} N6c7 {[%emt 0:01:03]} 26. Bxd6 {[%emt 0:06:42]} Nxd6 {[%emt 0:00:05]} 27. Bf3 {[%emt 0:02:16]} Nxf5 {[%emt 0:04:55]} 28. Qf2 {[%emt 0:01:40]} g6 {[%emt 0:12:31]} 29. Rd1 {[%emt 0:00:56]} b5 {[%emt 0:02:30]} 30. Rd7 {[%emt 0:01:58]} Ne6 {[%emt 0:04:44]} 31. c7 {[%emt 0:02:06]} Nxc7 {[%emt 0:02:18]} 32. Bxa8 {[%emt 0:00:27]} Nxa8 {[%emt 0:00:20]} 33. Qa7 {[%emt 0:01:39]} Qe8 {[%emt 0:01:36]} 34. Rb7 {[%emt 0:00:35]} Qe1+ {[%emt 0:00:58]} 35. Kh2 {[%emt 0:00:02]} Qg3+ {[%emt 0:00:59]} 36. Kg1 {[%emt 0:00:30]} Qe1+ {[%emt 0:00:41]} 37. Kh2 {[%emt 0:00:02]} Qg3+ {[%emt 0:00:07]} 38. Kg1 1/2-1/2

[Event "7th Iberoamerican-ch 2019"]
[Site "Linares"]
[Date "2019.08.13"]
[Round "4.26"]
[White "Romero Berruezo, Francisco"]
[Black "Gavarrete, Nahun"]
[Result "1/2-1/2"]
[WhiteElo "2161"]
[BlackElo "2344"]
[Annotator "NA"]
[PlyCount "91"]
[EventDate "2019.08.10"]
[EventType "swiss"]
[EventCountry "ESP"]
[SourceTitle "playchess.com"]
[Source "ChessBase"]
[SourceQuality "1"]
[TimeControl "5400+30"]

1. Nf3 {[%emt 0:00:34]} Nf6 {[%emt 0:00:00]} 2. c4 {[%emt 0:00:06]} g6 {[%emt 0:00:21]} 3. Nc3 {[%emt 0:00:07]} d5 {[%emt 0:00:27]} 4. cxd5 {[%emt 0:00:15]} Nxd5 {[%emt 0:00:03]} 5. Qa4+ {[%emt 0:00:10]} Nc6 {[%emt 0:03:15]} 6. d3 {[%emt 0:06:26]} Bg7 {[%emt 0:03:12]} 7. Bd2 {[%emt 0:00:28]} O-O {[%emt 0:00:36]} 8. g3 {[%emt 0:02:29]} e5 {[%emt 0:02:41]} 9. Bg2 {[%emt 0:04:40]} Nb6 {[%emt 0:00:25]} 10. Qh4 {[%emt 0:01:27]} Qxh4 {[%emt 0:02:08]} 11. Nxh4 {[%emt 0:00:44]} Nd4 {[%emt 0:00:39]} 12. Rc1 {[%emt 0:00:42]} c6 {[%emt 0:00:08]} 13. h3 {[%emt 0:15:14]} Be6 {[%emt 0:03:44]} 14. e3 {[%emt 0:05:42]} g5 {[%emt 0:05:59]} 15. Nf3 {[%emt 0:02:58]} Nxf3+ {[%emt 0:00:28]} 16. Bxf3 {[%emt 0:00:05]} Rad8 {[%emt 0:00:13]} 17. Be2 {[%emt 0:01:02]} h6 {[%emt 0:06:00]} 18. h4 {[%emt 0:05:32]} g4 {[%emt 0:00:40]} 19. e4 {[%emt 0:03:35]} f5 {[%emt 0:15:01]} 20. exf5 {[%emt 0:01:40]} Bxf5 {[%emt 0:01:02]} 21. Ne4 {[%emt 0:00:15]} Rd4 {[%emt 0:08:30]} 22. Be3 {[%emt 0:11:06]} Bxe4 {[%emt 0:01:23]} 23. dxe4 {[%emt 0:00:05]} Rxe4 {[%emt 0:00:10]} 24. b3 {[%emt 0:03:53]} Nd5 {[%emt 0:01:30]} 25. Bd3 {[%emt 0:02:21]} Rxe3+ {[%emt 0:00:11]} 26. fxe3 {[%emt 0:00:04]} Rf3 {[%emt 0:00:33]} 27. Rg1 {[%emt 0:10:44]} b5 {[%emt 0:10:51]} 28. Rxc6 {[%emt 0:02:52]} Rxe3+ {[%emt 0:00:14]} 29. Be2 {[%emt 0:03:21]} e4 {[%emt 0:04:02]} 30. Rg6 {[%emt 0:10:48]} Kh7 {[%emt 0:04:30]} 31. Rxg4 {[%emt 0:03:29]} Bc3+ {[%emt 0:06:21]} 32. Kd1 {[%emt 0:00:45]} Bf6 {[%emt 0:13:49]} 33. Rg2 {[%emt 0:01:27]} h5 {[%emt 0:00:34]} 34. Rxe4 {[%emt 0:01:06]} Nc3+ {[%emt 0:04:56]} 35. Kd2 {[%emt 0:00:09]} Rxe4 {[%emt 0:00:02]} 36. Bd3 {[%emt 0:00:07]} Kg7 {[%emt 0:00:19]} 37. Bxe4 {[%emt 0:00:04]} Nxe4+ {[%emt 0:00:05]} 38. Ke3 {[%emt 0:00:10]} Nd6 {[%emt 0:00:17]} 39. g4 {[%emt 0:00:11]} hxg4 {[%emt 0:00:12]} 40. Rxg4+ {[%emt 0:00:05]} Kf7 {[%emt 0:00:19]} 41. a4 {[%emt 0:00:24]} Bxh4 {[%emt 0:02:03]} 42. axb5 {[%emt 0:00:39]} Ke6 {[%emt 0:01:43]} 43. Kd3 {[%emt 0:00:27]} Bd8 {[%emt 0:00:35]} 44. Rg6+ {[%emt 0:00:42]} Kd5 {[%emt 0:00:31]} 45. Rg7 {[%emt 0:00:57]} Bb6 {[%emt 0:00:35]} 46. Rg5+ {[%emt 0:00:23] Ke5 Ke4+} 1/2-1/2

[Event "7th Iberoamerican-ch 2019"]
[Site "Linares"]
[Date "2019.08.13"]
[Round "4.27"]
[White "Martinez-Conde Hernandez, Carlos"]
[Black "Blanco Acevedo, Cristobal Jose"]
[Result "1/2-1/2"]
[WhiteElo "2085"]
[BlackElo "2342"]
[Annotator "NA"]
[PlyCount "120"]
[EventDate "2019.08.10"]
[EventType "swiss"]
[EventCountry "ESP"]
[SourceTitle "playchess.com"]
[Source "ChessBase"]
[SourceQuality "1"]
[TimeControl "5400+30"]

1. e4 {[%emt 0:00:00]} c5 {[%emt 0:00:00]} 2. Nf3 {[%emt 0:00:00]} Nc6 {[%emt 0:00:00]} 3. d4 {[%emt 0:00:09]} cxd4 {[%emt 0:00:00]} 4. Nxd4 {[%emt 0:00:03]} Nf6 {[%emt 0:00:11]} 5. Nc3 {[%emt 0:00:14]} e5 {[%emt 0:00:04]} 6. Ndb5 {[%emt 0:00:12]} d6 {[%emt 0:00:04]} 7. Bg5 {[%emt 0:00:14]} a6 {[%emt 0:00:05]} 8. Na3 {[%emt 0:00:06]} b5 {[%emt 0:00:29]} 9. Nd5 {[%emt 0:00:20]} Be7 {[%emt 0:00:05]} 10. Bxf6 {[%emt 0:00:04]} Bxf6 {[%emt 0:00:03]} 11. c4 {[%emt 0:00:13]} b4 {[%emt 0:00:09]} 12. Nc2 {[%emt 0:00:02]} O-O {[%emt 0:00:14]} 13. g3 {[%emt 0:00:23]} Bg5 {[%emt 0:00:20]} 14. Bg2 {[%emt 0:00:17]} Qa5 {[%emt 0:01:14]} 15. O-O {[%emt 0:00:31]} Rb8 {[%emt 0:02:21]} 16. f4 {[%emt 0:06:48]} Qc5+ {[%emt 0:02:14]} 17. Kh1 {[%emt 0:00:13]} Bh6 {[%emt 0:01:15]} 18. Nce3 {[%emt 0:03:45]} Kh8 {[%emt 0:02:36]} 19. b3 {[%emt 0:06:52]} Nd4 {[%emt 0:13:50]} 20. Qh5 {[%emt 0:16:56]} exf4 {[%emt 0:02:45]} 21. gxf4 {[%emt 0:00:26]} f5 {[%emt 0:00:25]} 22. Rad1 {[%emt 0:04:01]} Be6 {[%emt 0:00:42]} 23. exf5 {[%emt 0:17:03]} Nxf5 {[%emt 0:00:45]} 24. Nxf5 {[%emt 0:00:02]} Rxf5 {[%emt 0:02:47]} 25. Qh4 {[%emt 0:01:26]} Re8 {[%emt 0:05:11]} 26. Rde1 {[%emt 0:02:46]} Rff8 {[%emt 0:00:35]} 27. f5 {[%emt 0:02:37]} Bxd5 {[%emt 0:02:43]} 28. Bxd5 {[%emt 0:00:35]} Rxe1 {[%emt 0:03:40]} 29. Rxe1 {[%emt 0:00:33]} Qc8 {[%emt 0:00:57]} 30. Qh5 {[%emt 0:08:52]} Qd8 {[%emt 0:06:28]} 31. Re6 {[%emt 0:05:31]} Bg5 {[%emt 0:00:53]} 32. Qe2 {[%emt 0:00:18]} Bf6 {[%emt 0:01:03]} 33. Qe4 {[%emt 0:01:06]} h6 {[%emt 0:06:56]} 34. Qg4 {[%emt 0:06:01]} Be5 {[%emt 0:00:58]} 35. Qh5 {[%emt 0:00:32]} Qg5 {[%emt 0:02:20]} 36. Qxg5 {[%emt 0:02:12]} hxg5 {[%emt 0:00:01]} 37. Re7 {[%emt 0:01:28]} Bd4 {[%emt 0:02:35]} 38. Bf7 {[%emt 0:01:12]} Kh7 {[%emt 0:01:22]} 39. Bg6+ {[%emt 0:00:03]} Kh6 {[%emt 0:00:13]} 40. Rd7 {[%emt 0:01:54]} Rf6 {[%emt 0:02:17]} 41. h3 {[%emt 0:00:25]} g4 {[%emt 0:00:13]} 42. h4 {[%emt 0:01:24]} Rf8 {[%emt 0:02:30]} 43. Rxd6 {[%emt 0:00:21]} Bf6 {[%emt 0:00:08]} 44. Rxa6 {[%emt 0:01:57]} Bxh4 {[%emt 0:00:08]} 45. Rd6 {[%emt 0:02:12]} Kg5 {[%emt 0:00:31]} 46. Kg2 {[%emt 0:00:21]} Be1 {[%emt 0:00:50]} 47. Re6 {[%emt 0:01:27]} Bc3 {[%emt 0:00:17]} 48. c5 {[%emt 0:01:57]} Ra8 {[%emt 0:00:05]} 49. Re4 {[%emt 0:01:25]} Rxa2+ {[%emt 0:00:27]} 50. Kg3 {[%emt 0:00:01]} Rc2 {[%emt 0:00:43]} 51. c6 {[%emt 0:02:32]} Bd2 {[%emt 0:01:41]} 52. Rxg4+ {[%emt 0:01:02]} Kf6 {[%emt 0:00:00]} 53. Be8 {[%emt 0:02:00]} Ke7 {[%emt 0:05:15]} 54. Bd7 {[%emt 0:00:06]} Bc3 {[%emt 0:00:06]} 55. Kf3 {[%emt 0:00:20]} Kd6 {[%emt 0:00:12]} 56. Rc4 {[%emt 0:00:37]} Kc7 {[%emt 0:00:05]} 57. Be6 {[%emt 0:00:54]} Rd2 {[%emt 0:00:25]} 58. Ke4 {[%emt 0:00:40]} Re2+ {[%emt 0:00:07]} 59. Kd3 {[%emt 0:00:11]} Rd2+ {[%emt 0:00:04]} 60. Ke4 {[%emt 0:00:03]} Re2+ {[%emt 0:00:04]} 1/2-1/2

[Event "7th Iberoamerican-ch 2019"]
[Site "Linares"]
[Date "2019.08.13"]
[Round "4.28"]
[White "Guerrero Vargas, Andres Jesus"]
[Black "Silva, Goncalo Nuno Neto Pi"]
[Result "0-1"]
[WhiteElo "2331"]
[BlackElo "2085"]
[Annotator "NA"]
[PlyCount "118"]
[EventDate "2019.08.10"]
[EventType "swiss"]
[EventCountry "ESP"]
[SourceTitle "playchess.com"]
[Source "ChessBase"]
[SourceQuality "1"]
[TimeControl "5400+30"]

1. e4 {[%emt 0:00:00]} c5 {[%emt 0:00:00]} 2. Nc3 {[%emt 0:00:00]} Nc6 {[%emt 0:00:00]} 3. Bb5 {[%emt 0:00:09]} g6 {[%emt 0:00:00]} 4. Bxc6 {[%emt 0:00:06]} dxc6 {[%emt 0:00:00]} 5. d3 {[%emt 0:00:13]} Bg7 {[%emt 0:00:01]} 6. Be3 {[%emt 0:00:07]} b6 {[%emt 0:00:05]} 7. Qd2 {[%emt 0:00:15]} e5 {[%emt 0:02:09]} 8. Nge2 {[%emt 0:02:11]} Nf6 {[%emt 0:00:24]} 9. Bh6 {[%emt 0:01:31]} Bxh6 {[%emt 0:01:22]} 10. Qxh6 {[%emt 0:00:04]} Ng4 {[%emt 0:00:08]} 11. Qd2 {[%emt 0:00:25]} Be6 {[%emt 0:04:51]} 12. f3 {[%emt 0:05:18]} Nf6 {[%emt 0:00:12]} 13. O-O-O {[%emt 0:09:19]} Qe7 {[%emt 0:00:46]} 14. f4 {[%emt 0:01:02]} Nd7 {[%emt 0:01:44]} 15. Rhf1 {[%emt 0:20:14]} f6 {[%emt 0:01:25]} 16. f5 {[%emt 0:02:15]} Bf7 {[%emt 0:00:33]} 17. g4 {[%emt 0:00:18]} g5 {[%emt 0:03:22]} 18. Rh1 {[%emt 0:04:36]} O-O-O {[%emt 0:00:53]} 19. h4 {[%emt 0:00:06]} h6 {[%emt 0:00:08]} 20. Rh2 {[%emt 0:00:28]} Rhf8 {[%emt 0:05:01]} 21. b3 {[%emt 0:01:50]} b5 {[%emt 0:07:31]} 22. Qe3 {[%emt 0:01:21]} Nb6 {[%emt 0:02:11]} 23. hxg5 {[%emt 0:01:56]} hxg5 {[%emt 0:00:10]} 24. Rh7 {[%emt 0:00:16]} c4 {[%emt 0:04:06]} 25. dxc4 {[%emt 0:00:02]} Rxd1+ {[%emt 0:02:45]} 26. Kxd1 {[%emt 0:05:38]} bxc4 {[%emt 0:01:10]} 27. Ke1 {[%emt 0:00:33]} Kb8 {[%emt 0:06:02]} 28. Kf2 {[%emt 0:03:00]} Qd6 {[%emt 0:02:12]} 29. Nc1 {[%emt 0:05:11]} Bg8 {[%emt 0:03:27]} 30. Rh1 {[%emt 0:05:57]} Qe7 {[%emt 0:04:14]} 31. a4 {[%emt 0:04:13]} cxb3 {[%emt 0:04:57]} 32. cxb3 {[%emt 0:00:35]} Rd8 {[%emt 0:04:27]} 33. a5 {[%emt 0:00:41]} Nd7 {[%emt 0:01:05]} 34. Na4 {[%emt 0:00:55]} Qb4 {[%emt 0:01:22]} 35. Rd1 {[%emt 0:08:16]} Qxa5 {[%emt 0:01:33]} 36. Qd3 {[%emt 0:00:38]} Kc8 {[%emt 0:01:05]} 37. Qd6 {[%emt 0:05:11]} Nb8 {[%emt 0:00:51]} 38. Qxd8+ {[%emt 0:01:06]} Qxd8 {[%emt 0:00:02]} 39. Rxd8+ {[%emt 0:00:01]} Kxd8 {[%emt 0:00:11]} 40. Ke3 {[%emt 0:00:45]} Kc7 {[%emt 0:00:29]} 41. Kd3 {[%emt 0:01:43]} Kd6 {[%emt 0:00:46]} 42. Kc3 {[%emt 0:00:10]} Bf7 {[%emt 0:01:34]} 43. Kb4 {[%emt 0:00:28]} Na6+ {[%emt 0:00:18]} 44. Kc3 {[%emt 0:00:57]} Nc7 {[%emt 0:00:39]} 45. b4 {[%emt 0:03:24]} Nb5+ {[%emt 0:01:13]} 46. Kd3 {[%emt 0:00:01]} Nd4 {[%emt 0:01:39]} 47. Nb2 {[%emt 0:04:10]} c5 {[%emt 0:01:15]} 48. bxc5+ {[%emt 0:00:30]} Kxc5 {[%emt 0:00:06]} 49. Kc3 {[%emt 0:00:13]} a5 {[%emt 0:01:32]} 50. Ncd3+ {[%emt 0:01:57]} Kb5 {[%emt 0:00:13]} 51. Nd1 {[%emt 0:00:05]} a4 {[%emt 0:02:43]} 52. Ne3 {[%emt 0:00:01]} a3 {[%emt 0:00:22]} 53. Nc1 {[%emt 0:00:56]} Bg8 {[%emt 0:02:00]} 54. Nd1 {[%emt 0:00:28]} Nf3 {[%emt 0:04:22]} 55. Ne3 {[%emt 0:00:23]} a2 {[%emt 0:00:14]} 56. Kb2 {[%emt 0:00:03]} Nd2 {[%emt 0:00:11]} 57. Nxa2 {[%emt 0:02:06]} Bxa2 {[%emt 0:00:30]} 58. Kxa2 {[%emt 0:00:05]} Kc5 {[%emt 0:00:20]} 59. Nd5 {[%emt 0:01:36]} Nxe4 {[%emt 0:00:06]} 0-1

[Event "7th Iberoamerican-ch 2019"]
[Site "Linares"]
[Date "2019.08.13"]
[Round "4.29"]
[White "Roselli Mailhe, Bernardo"]
[Black "Sanchez Jerez, Emilio Miguel"]
[Result "1-0"]
[WhiteElo "2471"]
[BlackElo "2232"]
[Annotator "ChessBase"]
[PlyCount "101"]
[EventDate "2019.08.10"]
[EventType "swiss"]
[EventCountry "ESP"]
[SourceTitle "playchess.com"]
[Source "ChessBase"]
[SourceQuality "1"]
[TimeControl "5400+30"]

1. d4 {[%emt 0:00:00]} d6 {[%emt 0:00:00]} 2. c4 {[%emt 0:00:00]} e5 {[%emt 0:00:12]} 3. Nf3 {[%emt 0:00:00]} e4 {[%emt 0:00:23]} 4. Nfd2 {[%emt 0:00:00]} f5 {[%emt 0:00:18]} 5. e3 {[%emt 0:00:00]} Nf6 {[%emt 0:00:52]} 6. Nc3 {[%emt 0:00:04]} c5 {[%emt 0:03:59]} 7. d5 {[%emt 0:06:25]} g6 {[%emt 0:01:58]} 8. f3 {[%emt 0:04:06]} exf3 {[%emt 0:08:26]} 9. Nxf3 {[%emt 0:00:06]} Bg7 {[%emt 0:01:32]} 10. Bd3 {[%emt 0:00:07]} O-O {[%emt 0:02:44]} 11. O-O {[%emt 0:00:37]} Qe7 {[%emt 0:06:40]} 12. Qc2 {[%emt 0:20:16]} Ng4 {[%emt 0:21:58]} 13. Kh1 {[%emt 0:21:47]} Nd7 {[%emt 0:01:27]} 14. Bd2 {[%emt 0:00:23]} Nde5 {[%emt 0:06:06]} 15. Rae1 {[%emt 0:01:45]} Nxd3 {[%emt 0:00:54]} 16. Qxd3 {[%emt 0:00:06]} a6 {[%emt 0:03:28]} 17. a4 {[%emt 0:00:31]} Bd7 {[%emt 0:03:25]} 18. b3 {[%emt 0:00:15]} Ne5 {[%emt 0:05:37]} 19. Nxe5 {[%emt 0:07:34]} Bxe5 {[%emt 0:00:28]} 20. Ne2 {[%emt 0:00:05]} b5 {[%emt 0:00:44]} 21. a5 {[%emt 0:01:02]} b4 {[%emt 0:03:38]} 22. Qb1 {[%emt 0:09:46]} Rae8 {[%emt 0:03:44]} 23. Ng1 {[%emt 0:01:08]} Qd8 {[%emt 0:05:06]} 24. Qa2 {[%emt 0:00:06]} Bg7 {[%emt 0:01:13]} 25. Re2 {[%emt 0:00:41]} Re4 {[%emt 0:00:41]} 26. Be1 {[%emt 0:01:26]} Qe7 {[%emt 0:03:35]} 27. Bg3 {[%emt 0:03:20]} h5 {[%emt 0:01:28]} 28. Rf4 {[%emt 0:02:25]} Rxe3 {[%emt 0:03:04]} 29. h4 {[%emt 0:07:18]} Rxe2 {[%emt 0:02:30]} 30. Qxe2 {[%emt 0:01:31]} Qd8 {[%emt 0:04:13]} 31. Rf3 {[%emt 0:00:55]} Bf6 {[%emt 0:02:00]} 32. Bxd6 {[%emt 0:01:26]} Re8 {[%emt 0:01:11]} 33. Re3 {[%emt 0:00:06]} Rxe3 {[%emt 0:01:11]} 34. Qxe3 {[%emt 0:00:10]} Qxa5 {[%emt 0:01:19]} 35. Qh6 {[%emt 0:02:18]} Bg7 {[%emt 0:00:42]} 36. Qxg6 {[%emt 0:00:13]} Qd8 {[%emt 0:00:30]} 37. Nf3 {[%emt 0:00:05]} Be8 {[%emt 0:00:42]} 38. Qe6+ {[%emt 0:00:38]} Bf7 {[%emt 0:00:18]} 39. Qe7 {[%emt 0:01:12]} Qxe7 {[%emt 0:00:40]} 40. Bxe7 {[%emt 0:00:05]} Bf8 {[%emt 0:00:33]} 41. Bxf8 {[%emt 0:00:07]} Kxf8 {[%emt 0:00:01]} 42. Ne5 {[%emt 0:00:06]} Ke7 {[%emt 0:00:50]} 43. d6+ {[%emt 0:00:07]} Kxd6 {[%emt 0:00:37]} 44. Nxf7+ {[%emt 0:00:05]} Ke6 {[%emt 0:00:30]} 45. Ng5+ {[%emt 0:00:34]} Ke5 {[%emt 0:00:20]} 46. Kg1 {[%emt 0:00:46]} a5 {[%emt 0:00:41]} 47. Kf2 {[%emt 0:00:32]} a4 {[%emt 0:00:31]} 48. bxa4 {[%emt 0:00:05]} Kd4 {[%emt 0:00:28]} 49. a5 {[%emt 0:01:18]} b3 {[%emt 0:00:10]} 50. Nf3+ {[%emt 0:01:55]} Kc3 {[%emt 0:00:22]} 51. Ke2 {[%emt 0:00:11] Kd3+ Kf2} 1-0